004380000a2200169000450024500530000004100130005370000190006670000130008570000190009870000150011770000180013270000200015070000170017070000200018710000210020777300400022810aMillipedes (Diplopoda) of the Brazilian pantanal0 aInglés1 aHoffman, R. L.1 aAdis, J.1 aMarques, M. I.1 aRaizer, J.1 aSilva, F.H.O.1 aRibeiro, R.A.K.1 aSilva, J. L.1 aPinheiro, T. G.1 aGolovatch, S. I.1 tAmazonianah3-4q273-288 d2005g18